[Event "IECC O-3464"]
[Site "IECC email"]
[Date "2012.07.07"]
[Round "?"]
[White "Frome, Greg"]
[Black "Cao, Bang Phi"]
[Result "1-0"]
[WhiteElo "1154"]
[BlackElo "1000"]
[PlyCount "61"]
[EventDate "2012.??.??"]
[EventType "swiss (corr)"]
[EventRounds "2"]
[SourceTitle "Telechess CBM 165"]
[Source "ChessBase"]
[SourceDate "2015.03.11"]
[SourceVersion "1"]
[SourceVersionDate "2015.03.11"]
[SourceQuality "1"]
[WhiteTeam "US of America"]
[BlackTeam "US of America"]
[WhiteTeamCountry "USA"]
[BlackTeamCountry "USA"]

1. d4 b6 2. e3 Nf6 3. b3 Bb7 4. Nh3 e6 5. f3 a5 6. Be2 Nd5 7. 0-0 g6 8. e4 Nb4 9. c3 N4a6 10. Ba3 c5 11. Qd3 d5 12. Bc1 Qh4 13. Bg5 dxe4 14. Qe3 Bh6 15. Bxh6 Qe7 16. fxe4 f5 17. Nd2 Nd7 18. Nc4 Nc7 19. Bg5 Qf8 20. Bf4 0-0-0 21. Ng5 Nf6 22. Bxc7 Qh6 23. Bxd8 Rxd8 24. Rad1 Ba6 25. dxc5 f4 26. Qxf4 Nd7 27. cxb6 e5 28. Qf7 Qxg5 29. Rxd7 Rxd7 30. Nd6+ Rxd6 31. Qc7# 1-0

[Event "IECC O-3055"]
[Site "IECC email"]
[Date "2009.11.14"]
[Round "?"]
[White "Stearns, Ron"]
[Black "Frome, Greg"]
[Result "1-0"]
[WhiteElo "1280"]
[BlackElo "1152"]
[PlyCount "23"]
[EventDate "2009.??.??"]
[EventType "swiss (corr)"]
[EventRounds "2"]
[SourceTitle "Corr 2013"]
[Source "ChessBase"]
[SourceDate "2012.11.12"]
[SourceVersion "1"]
[SourceVersionDate "2012.11.12"]
[SourceQuality "1"]
[WhiteTeam "US of America"]
[BlackTeam "US of America"]
[WhiteTeamCountry "USA"]
[BlackTeamCountry "USA"]

1. Nf3 d5 2. g3 Bf5 3. Bg2 Nf6 4. 0-0 e6 5. d3 Bc5 6. Nbd2 Nc6 7. Qe1 0-0 8. e4 Re8 9. exf5 exf5 10. Qd1 f4 11. Nb3 Qd6 12. Bxf4 1-0

[Event "IECC O-2989"]
[Site "IECC email"]
[Date "2009.07.07"]
[Round "?"]
[White "Lynskey, Mary Anne"]
[Black "Frome, Greg"]
[Result "0-1"]
[WhiteElo "991"]
[BlackElo "1118"]
[PlyCount "62"]
[EventDate "2009.??.??"]
[EventType "swiss (corr)"]
[EventRounds "2"]
[SourceTitle "Corr 2011"]
[Source "ChessBase"]
[SourceDate "2010.08.31"]
[SourceVersion "1"]
[SourceVersionDate "2010.08.31"]
[SourceQuality "1"]
[WhiteTeam "US of America"]
[BlackTeam "US of America"]
[WhiteTeamCountry "USA"]
[BlackTeamCountry "USA"]

1. e4 e5 2. Nf3 d6 3. b3 Be7 4. Bc4 Nf6 5. Nc3 Bg4 6. d3 Qd7 7. 0-0 Na6 8. Bb5 c6 9. Bxa6 bxa6 10. Be3 0-0 11. Rb1 Rab8 12. Bxa7 Qxa7 13. Qd2 Bxf3 14. gxf3 Qd7 15. Rfe1 Nh5 16. Ne2 Qe6 17. Qa5 f5 18. Qxa6 Rf6 19. Qxc6 fxe4 20. Qxe4 Qh3 21. Qc4+ Kh8 22. Qc7 Rg6+ 23. Ng3 Re8 24. Qc6 Rf8 25. f4 Nxf4 26. Qe4 h6 27. d4 Rg4 28. dxe5 dxe5 29. Rbd1 Rh4 30. Rd7 Bc5 31. Rb7 Qxh2+ 0-1

[Event "IECC O-2953"]
[Site "IECC email"]
[Date "2009.05.19"]
[Round "?"]
[White "Frome, Greg"]
[Black "Janusauskas, Matthew"]
[Result "1-0"]
[WhiteElo "1107"]
[BlackElo "1016"]
[PlyCount "45"]
[EventDate "2009.??.??"]
[EventType "swiss (corr)"]
[EventRounds "2"]
[SourceTitle "Corr 2011"]
[Source "ChessBase"]
[SourceDate "2010.08.31"]
[SourceVersion "1"]
[SourceVersionDate "2010.08.31"]
[SourceQuality "1"]
[WhiteTeam "US of America"]
[BlackTeam "US of America"]
[WhiteTeamCountry "USA"]
[BlackTeamCountry "USA"]

1. d4 d5 2. Nf3 Nf6 3. Bf4 Bf5 4. e3 e6 5. Nc3 c6 6. Bd3 Nbd7 7. Bxf5 exf5 8. Qd3 Be7 9. Qxf5 Nb6 10. 0-0 0-0 11. b3 Qc8 12. Qd3 Nh5 13. Bg3 Nxg3 14. fxg3 Bb4 15. Ne2 Re8 16. Ng5 g6 17. Rxf7 Rf8 18. Raf1 Qe8 19. Rxb7 Rxf1+ 20. Kxf1 Qf8+ 21. Kg1 h6 22. Qxg6+ Qg7 23. Qxg7# 1-0

[Event "IECC M-5512"]
[Site "IECC email"]
[Date "2006.07.07"]
[Round "?"]
[White "Frome, Greg"]
[Black "Badenhorst, Jack"]
[Result "0-1"]
[WhiteElo "1170"]
[BlackElo "1092"]
[PlyCount "72"]
[EventDate "2006.??.??"]
[EventType "tourn (corr)"]
[EventRounds "10"]
[SourceTitle "Corr 2020"]
[Source "ChessBase"]
[SourceDate "2019.09.30"]
[SourceVersion "1"]
[SourceVersionDate "2019.09.30"]
[SourceQuality "1"]
[WhiteTeam "United States"]
[BlackTeam "Australia"]
[WhiteTeamCountry "USA"]
[BlackTeamCountry "AUS"]

1. d4 Nf6 2. Nf3 e6 3. Nc3 Bb4 4. a3 Bxc3+ 5. bxc3 d5 6. e3 0-0 7. c4 c6 8. Bd3 Nbd7 9. 0-0 b6 10. a4 c5 11. Ba3 Qc7 12. c3 Rd8 13. Re1 dxc4 14. Bc2 cxd4 15. cxd4 Bb7 16. e4 h6 17. Re3 a6 18. h3 b5 19. Be7 Re8 20. Bxf6 Nxf6 21. Nh4 Qf4 22. e5 Nd5 23. Re4 Qg5 24. Rg4 Qe7 25. Qd2 Kh8 26. Be4 g5 27. Nf3 f5 28. Bxd5 Bxd5 29. Rg3 f4 30. Rg4 b4 31. Ne1 a5 32. h4 Rf8 33. Rc1 Rac8 34. hxg5 hxg5 35. g3 Qh7 36. f3 c3 0-1

[Event "IECC M-4945"]
[Site "IECC email"]
[Date "2004.02.05"]
[Round "?"]
[White "Frome, Greg"]
[Black "Pizzoni, Richard"]
[Result "1-0"]
[WhiteElo "1148"]
[BlackElo "1273"]
[PlyCount "51"]
[EventDate "2004.??.??"]
[EventType "tourn (corr)"]
[EventRounds "10"]
[SourceTitle "Corr 2020"]
[Source "ChessBase"]
[SourceDate "2019.09.30"]
[SourceVersion "1"]
[SourceVersionDate "2019.09.30"]
[SourceQuality "1"]
[WhiteTeam "United States"]
[BlackTeam "United States"]
[WhiteTeamCountry "USA"]
[BlackTeamCountry "USA"]

1. e4 e5 2. Nf3 Nc6 3. Bc4 Nf6 4. d3 Bc5 5. Be3 Bb6 6. Nc3 d6 7. Qd2 Bxe3 8. fxe3 0-0 9. 0-0-0 a6 10. Rhf1 b5 11. Bd5 Bb7 12. Kb1 Qd7 13. Nh4 Ne7 14. Bxb7 Rab8 15. Bd5 c6 16. Bb3 a5 17. a4 Rfd8 18. Ne2 d5 19. exd5 Nexd5 20. h3 b4 21. e4 Nb6 22. Ng3 h6 23. Rxf6 Rb7 24. Bxf7+ Kh8 25. Rxh6+ gxh6 26. Qxh6# 1-0

[Event "IECC M-4945"]
[Site "IECC email"]
[Date "2004.02.05"]
[Round "?"]
[White "Pizzoni, Richard"]
[Black "Frome, Greg"]
[Result "1-0"]
[WhiteElo "1269"]
[BlackElo "1169"]
[PlyCount "69"]
[EventDate "2004.??.??"]
[EventType "tourn (corr)"]
[EventRounds "10"]
[SourceTitle "Corr 2020"]
[Source "ChessBase"]
[SourceDate "2019.09.30"]
[SourceVersion "1"]
[SourceVersionDate "2019.09.30"]
[SourceQuality "1"]
[WhiteTeam "United States"]
[BlackTeam "United States"]
[WhiteTeamCountry "USA"]
[BlackTeamCountry "USA"]

1. c4 Nf6 2. Nc3 e5 3. e4 Bc5 4. d3 d6 5. h3 0-0 6. Be2 Nc6 7. Na4 b6 8. Nxc5 bxc5 9. Nf3 Qd7 10. a3 h6 11. Bd2 a5 12. 0-0 Bb7 13. Rb1 Rfe8 14. Qc2 Re6 15. b4 axb4 16. axb4 Bc8 17. bxc5 dxc5 18. Be3 Nd4 19. Nxd4 cxd4 20. Bd2 Rea6 21. f4 exf4 22. Bxf4 Qe7 23. c5 Be6 24. Be5 Ra5 25. Bxd4 Nh7 26. Bf2 Ra2 27. Rb2 R2a5 28. d4 f6 29. Rfb1 Qd7 30. d5 Bf7 31. Bg4 Qe8 32. d6 cxd6 33. c6 Ra1 34. c7 Rxb1+ 35. Rxb1 1-0

[Event "IECC M-4868"]
[Site "IECC email"]
[Date "2003.11.08"]
[Round "?"]
[White "Mottershead, Richard"]
[Black "Frome, Greg"]
[Result "1/2-1/2"]
[WhiteElo "1053"]
[BlackElo "1138"]
[PlyCount "57"]
[EventDate "2003.??.??"]
[EventType "tourn (corr)"]
[EventRounds "10"]
[SourceTitle "Corr 2020"]
[Source "ChessBase"]
[SourceDate "2019.09.30"]
[SourceVersion "1"]
[SourceVersionDate "2019.09.30"]
[SourceQuality "1"]
[WhiteTeam "England"]
[BlackTeam "United States"]
[WhiteTeamCountry "ENG"]
[BlackTeamCountry "USA"]

1. e4 e5 2. Nf3 d6 3. d4 Nf6 4. Bg5 Be7 5. Nbd2 Nc6 6. d5 Nb8 7. c4 0-0 8. h3 Nbd7 9. b4 b6 10. a4 Re8 11. Bd3 Nf8 12. Qe2 Ng6 13. g3 a6 14. h4 Bg4 15. Rb1 Qd7 16. b5 axb5 17. axb5 Ra2 18. 0-0 h6 19. Bxf6 Bxf6 20. Ra1 Rea8 21. Rxa2 Rxa2 22. Kg2 Bh3+ 23. Kh2 Bxf1 24. Qxf1 Qc8 25. Bb1 Rb2 26. Qc1 Rb4 27. Qa3 Rxb1 28. Nxb1 Qg4 29. Qe3 1/2-1/2

[Event "IECC O email"]
[Site "IECC email"]
[Date "2002.11.14"]
[Round "?"]
[White "Embrechts, Wim"]
[Black "Frome, Greg"]
[Result "1-0"]
[WhiteElo "1204"]
[BlackElo "1148"]
[PlyCount "43"]
[EventDate "2002.??.??"]
[EventType "tourn (corr)"]
[EventRounds "6"]
[SourceTitle "Corr 2008"]
[Source "ChessBase"]
[SourceDate "2008.06.24"]
[SourceVersion "1"]
[SourceVersionDate "2008.06.24"]
[SourceQuality "1"]

1. d4 d5 2. e3 Bd7 3. Nf3 Nc6 4. Bd3 e6 5. 0-0 Bd6 6. Nc3 Nh6 7. Re1 0-0 8. Nb5 f5 9. Nxd6 cxd6 10. b3 Qf6 11. Ba3 Nf7 12. c4 dxc4 13. Bxc4 d5 14. Bxf8 dxc4 15. Ba3 cxb3 16. Qxb3 b6 17. Rec1 f4 18. Bb2 fxe3 19. Qxe3 Ne7 20. Ne5 Nf5 21. Nxd7 Qe7 22. Qe4 1-0

[Event "IECC M email"]
[Site "IECC email"]
[Date "2001.09.10"]
[Round "?"]
[White "Frome, Greg"]
[Black "Van de Groep, Kevin"]
[Result "0-1"]
[WhiteElo "1125"]
[BlackElo "990"]
[PlyCount "50"]
[EventDate "2001.??.??"]
[EventType "tourn (corr)"]
[EventRounds "6"]
[SourceTitle "Corr 2008"]
[Source "ChessBase"]
[SourceDate "2008.06.24"]
[SourceVersion "1"]
[SourceVersionDate "2008.06.24"]
[SourceQuality "1"]

1. d4 Nf6 2. Nf3 d6 3. h3 g6 4. Bf4 Bg7 5. Nc3 0-0 6. e4 Nbd7 7. Bc4 c6 8. Bb3 e5 9. dxe5 dxe5 10. Nxe5 Nxe4 11. Nxe4 Nxe5 12. 0-0 Bf5 13. Nd6 Bxh3 14. gxh3 Qh4 15. Bxe5 Bxe5 16. Nxf7 Bxb2 17. Rb1 Bd4 18. Nd6+ Kh8 19. Qg4 Qf6 20. Ne4 Qf4 21. Kg2 Rae8 22. f3 Qe3 23. Qd7 Qe2+ 24. Nf2 Qxf3+ 25. Kg1 Bxf2+ 0-1

[Event "IECC M email"]
[Site "IECC email"]
[Date "2001.09.10"]
[Round "?"]
[White "Van de Groep, Kevin"]
[Black "Frome, Greg"]
[Result "1-0"]
[WhiteElo "967"]
[BlackElo "1148"]
[PlyCount "43"]
[EventDate "2001.??.??"]
[EventType "tourn (corr)"]
[EventRounds "6"]
[SourceTitle "Corr 2008"]
[Source "ChessBase"]
[SourceDate "2008.06.24"]
[SourceVersion "1"]
[SourceVersionDate "2008.06.24"]
[SourceQuality "1"]

1. e4 e5 2. Nf3 d6 3. d4 exd4 4. Nxd4 Nc6 5. Nc3 Be7 6. Bc4 Nf6 7. 0-0 0-0 8. f4 Bg4 9. Nxc6 bxc6 10. Qe1 d5 11. exd5 Bc5+ 12. Kh1 cxd5 13. Bb5 Bd7 14. Bd3 Rb8 15. a3 Rb6 16. f5 Bc6 17. b4 Bd4 18. Bb2 Re8 19. Qh4 Bb7 20. Qxd4 Qd6 21. Nb5 Qg3 22. hxg3 1-0

[Event "IECC M email"]
[Site "IECC email"]
[Date "2001.01.18"]
[Round "?"]
[White "Frome, Greg"]
[Black "Adams, Rowland"]
[Result "1-0"]
[WhiteElo "1137"]
[BlackElo "1035"]
[PlyCount "57"]
[EventDate "2001.??.??"]
[EventType "tourn (corr)"]
[EventRounds "6"]
[SourceTitle "Corr 2008"]
[Source "ChessBase"]
[SourceDate "2008.06.24"]
[SourceVersion "1"]
[SourceVersionDate "2008.06.24"]
[SourceQuality "1"]

1. d4 d5 2. Bf4 c5 3. e3 Nc6 4. Nf3 Bg4 5. h3 Bxf3 6. gxf3 Nf6 7. Nc3 g6 8. Qd2 Bg7 9. 0-0-0 Nh5 10. e4 dxe4 11. d5 Nd4 12. fxe4 Nxf4 13. Qxf4 h5 14. Kb1 0-0 15. Rg1 Qb6 16. e5 Qc7 17. Re1 f6 18. Rxg6 fxe5 19. Qh6 Nf5 20. Qxh5 Qd7 21. Ne4 Qxd5 22. b3 b5 23. Bxb5 Rab8 24. Ng5 Rf6 25. Bc6 Qc4 26. Re4 Qf1+ 27. Kb2 Rxg6 28. Qxg6 Nh6 29. Bd5+ 1-0

[Event "IECC M email"]
[Site "IECC email"]
[Date "1999.10.19"]
[Round "?"]
[White "Frome, Greg"]
[Black "Van Niekerk, Jan"]
[Result "1-0"]
[WhiteElo "1110"]
[BlackElo "1059"]
[PlyCount "77"]
[EventDate "1999.??.??"]
[EventType "tourn (corr)"]
[EventRounds "6"]
[SourceTitle "Corr 2008"]
[Source "ChessBase"]
[SourceDate "2008.06.24"]
[SourceVersion "1"]
[SourceVersionDate "2008.06.24"]
[SourceQuality "1"]

1. d4 d5 2. c4 dxc4 3. Nf3 Nf6 4. e3 Nc6 5. Bxc4 Bg4 6. 0-0 e6 7. h3 Bf5 8. Nc3 Bb4 9. a3 Ba5 10. b4 Bb6 11. Re1 0-0 12. Ne2 Re8 13. Bb2 Qd7 14. Bb5 a6 15. Ba4 Qd6 16. Qc1 h6 17. Ne5 Red8 18. Bxc6 bxc6 19. Nxc6 Re8 20. f3 Bg6 21. e4 Kh8 22. e5 Qd7 23. exf6 gxf6 24. Kh1 e5 25. a4 a5 26. Qxh6+ Bh7 27. b5 Rg8 28. Qxf6+ Rg7 29. dxe5 Qe6 30. Qxe6 fxe6 31. Bd4 Rf8 32. Bxb6 cxb6 33. Rad1 Bf5 34. Rd6 Bxh3 35. gxh3 Rxf3 36. Ng1 Rfg3 37. Rxe6 Kh7 38. Rf6 R3g5 39. e6 1-0

[Event "IECC M email"]
[Site "IECC email"]
[Date "1999.02.15"]
[Round "?"]
[White "Frome, Greg"]
[Black "Hargreaves, John Richard"]
[Result "1-0"]
[WhiteElo "1056"]
[BlackElo "1013"]
[PlyCount "53"]
[EventDate "1999.??.??"]
[EventType "tourn (corr)"]
[EventRounds "6"]
[SourceTitle "Corr 2008"]
[Source "ChessBase"]
[SourceDate "2008.06.24"]
[SourceVersion "1"]
[SourceVersionDate "2008.06.24"]
[SourceQuality "1"]

1. d4 d5 2. Nf3 Nf6 3. Bg5 e6 4. a3 Be7 5. e3 Nh5 6. Bxe7 Qxe7 7. Bb5+ Bd7 8. Bd3 Nc6 9. 0-0 h6 10. Re1 Nd8 11. c4 c6 12. Ne5 Nf6 13. Nc3 b6 14. Ne2 g5 15. Rc1 Rg8 16. b4 Kf8 17. Ng3 Be8 18. Qf3 Nd7 19. Ng6+ Rxg6 20. Bxg6 Kg8 21. Bd3 f5 22. cxd5 cxd5 23. Rc7 Nf7 24. h3 Qd8 25. Rc3 Nf6 26. Rec1 Nd6 27. Bxf5 1-0

[Event "IECC M email"]
[Site "IECC email"]
[Date "1998.05.20"]
[Round "?"]
[White "Castiglione, Federico"]
[Black "Frome, Greg"]
[Result "0-1"]
[WhiteElo "1031"]
[BlackElo "1012"]
[PlyCount "76"]
[EventDate "1998.??.??"]
[EventType "tourn (corr)"]
[EventRounds "12"]
[SourceTitle "Corr 2008"]
[Source "ChessBase"]
[SourceDate "2008.06.24"]
[SourceVersion "1"]
[SourceVersionDate "2008.06.24"]
[SourceQuality "1"]

1. Nf3 e6 2. b3 Nf6 3. Bb2 Bb4 4. e3 d6 5. Be2 Nc6 6. 0-0 Ne7 7. Nc3 Bd7 8. Nb5 Bc6 9. a3 Ba5 10. b4 Bb6 11. Nbd4 e5 12. Nxc6 bxc6 13. Ba6 c5 14. d3 0-0 15. e4 Ng6 16. Re1 c6 17. h3 Re8 18. Bb7 Rb8 19. Bxc6 Re6 20. Bd5 Nxd5 21. exd5 Rf6 22. Bc1 h6 23. Rb1 Ne7 24. c4 a6 25. Re2 Rg6 26. bxc5 Bxc5 27. Rxb8 Qxb8 28. d4 Ba7 29. dxe5 Nf5 30. Kf1 Qd8 31. Qd3 Nh4 32. exd6 Nxf3 33. Qxf3 Bc5 34. Re7 Rf6 35. Qe4 Rxf2+ 36. Ke1 Qa5+ 37. Kd1 Rf1+ 38. Kc2 Qa4+ 0-1